Internal combustion engines (Record no. 24482)

000 -LEADER
fixed length control field 00576nam a22002051 4500
001 - CONTROL NUMBER
control field 24482
003 - CONTROL NUMBER IDENTIFIER
control field BD-DhUET
008 - FIXED-LENGTH DATA ELEMENTS--GENERAL INFORMATION
fixed length control field 681231s1968 paua b 001 0 eng
040 ## - CATALOGING SOURCE
Original cataloging agency DLC
Transcribing agency DLC
Modifying agency BD-DhUET
082 00 - DEWEY DECIMAL CLASSIFICATION NUMBER
Classification number 621.43
Item number OBE/1968
100 ## - MAIN ENTRY--PERSONAL NAME
Personal name Obert, Edward F.
245 10 - TITLE STATEMENT
Title Internal combustion engines
250 ## - EDITION STATEMENT
Edition statement 3rd ed.
260 ## - PUBLICATION, DISTRIBUTION, ETC. (IMPRINT)
Place of publication, distribution, etc. Scranton
Name of publisher, distributor, etc. International Textbook
Date of publication, distribution, etc. 1968
300 ## - PHYSICAL DESCRIPTION
Extent xiii, 736p.
Other physical details illus
490 0# - SERIES STATEMENT
Series statement International textbooks in mechanical engineering
504 ## - BIBLIOGRAPHY, ETC. NOTE
Bibliography, etc Includes bibliographies
650 #0 - SUBJECT ADDED ENTRY--TOPICAL TERM
Topical term or geographic name as entry element Internal combustion engines
942 ## - ADDED ENTRY ELEMENTS (KOHA)
Koha item type General Book
Holdings
Withdrawn status Date acquired Koha date last borrowed Damaged status Sublocation or collection (holding branch) Koha date last seen Copy number Koha issues (times borrowed) Koha item type Location (home branch) Price effective from Shelving location Lost status Piece designation (barcode) Koha full call number Source of classification or shelving scheme Not for loan Koha normalized classification for sorting
 2015-05-092019-09-28 Central Library, BUET2019-11-1812General BookCentral Library, BUET2015-05-09Circulation section 19063621.43/OBE/1968  621_430000000000000_OBE_1968
 2015-06-16  Central Library, BUET2015-06-162 General BookCentral Library, BUET2015-06-16Reading section 32007621.43/OBE/1968  621_430000000000000_OBE_1968
 2015-06-16  Central Library, BUET2015-06-163 Reading ItemCentral Library, BUET2015-06-16Reading section 40437621.43/OBE/1968  621_430000000000000_OBE_1968
 2015-06-23  Central Library, BUET2015-06-234 Reading ItemCentral Library, BUET2015-06-23Reading section 19060621.43/OBE/1968  621_430000000000000_OBE_1968
 2015-07-03  Central Library, BUET2015-07-035 Reading ItemCentral Library, BUET2015-07-03Reading section 32117621.43/OBE/1968  621_430000000000000_OBE_1968